| 000 | 00453nam a22001817a 4500 | ||
|---|---|---|---|
| 005 | 20250702125306.0 | ||
| 008 | 250702b |||||||| |||| 00| 0 eng d | ||
| 020 |
_a9780593055731 _qpbk |
||
| 041 | _aeng | ||
| 082 | _a823.92 SCO | ||
| 100 | _aScott. M. C | ||
| 245 |
_aRome The Emperor's Spy _c/ M.C.Scott |
||
| 250 | _a1st ed | ||
| 260 |
_aLondon _bBantam Press _c2010 |
||
| 300 |
_a493p. : _c25cm |
||
| 650 | _aEnglish Fiction | ||
| 942 | _cENGLISH | ||
| 999 |
_c574631 _d574631 |
||